000 01413nab a22002537a 4500
999 _c5925
_d5925
003 OSt
005 20260114010305.0
008 190605e xxu||||| |||| 00| 0 spa d
040 _cPJ
100 _96169
_aMosquera, Gerardo Raúl
245 1 3 _aLa prevaricación judicial en la decisión de rechazo de multa según el art. 80 de la LCT /
_cGerardo Raúl Mosquera.
260 _aCiudad Autónoma de Buenos Aires :
_bThomson Reuters La Ley,
_c2024.
300 _ap. 110-117
500 _aCita: TR LALEY AR/DOC/2551/2023.
505 _aSumario: I. La decisión jurídica.— II. La multa prevista en el art. 80 de la LCT.— III. Crítica de la resolución judicial.— IV. El principio pro homine y la vulneración de un principio trascendental para la protección de los derechos laborales.— V. El prevaricato judicial.— VI. Palabras finales.
505 _aFallo comentado: CNTrab., sala I ~ 04/05/2023 ~ Ereñu, Mariano Carlos c. National Shipping S.A. s/ despido.
505 _t¿Te interesa el texto completo? Solicitalo al correo: koha@justierradelfuego.gov.ar
650 0 _91316
_aDERECHO LABORAL
650 0 _91323
_aCONTRATO DE TRABAJO
650 0 _91803
_aRELACIONES LABORALES
650 0 _94185
_aCERTIFICADO DE TRABAJO
773 0 _02711
_93168
_dCiudad Autónoma de Buenos Aires : Thomson Reuters La Ley, 1999-2002.
_tRevista de derecho del trabajo. Nº 1 - Enero 2024
942 _2udc
_cANA